| 000 | 00540cam a22001571 4500 | ||
|---|---|---|---|
| 082 |
_a355.009241 _bWOL |
||
| 100 | 1 |
_aWolseley, Garnet Wolseley, _949250 |
|
| 245 | 1 | 4 |
_aThe story of a soldier's life, _cby Field-Marshal Viscount Wolseley ... |
| 260 |
_aWestminster, _bA. Constable & Co., Ltd., _c1903. |
||
| 300 |
_a2 v. _bfronts. (ports.) illus., fold. maps, plan. _c23 cm. |
||
| 500 | _aTitle in red and black. | ||
| 526 |
_a0 _b0 _c0 _d355_009241000000000_WOL |
||
| 650 | 0 |
_aMarshals _zGreat Britain |
|
| 650 | 0 |
_aMCE _9379 |
|
| 942 |
_2ddc _cBK |
||
| 999 |
_c552085 _d552085 |
||